[Event "Moscow Open 2009 C"]
[Site "?"]
[Date "2009.02.06"]
[Round "7.13"]
[White "Paikidze, Nazi"]
[Black "Muzychuk, Mariya"]
[Result "1/2-1/2"]
[WhiteElo "2280"]
[BlackElo "2427"]
[Annotator ""]
[Source ""]
[Remark ""]

1.e4 c5 2.Nf3 Nc6 3.d4 cxd4 4.Nxd4 Nf6 5.Nc3 e5 6.Ndb5 d6 7.Bg5
a6 8.Na3 b5 9.Nd5 Be7 10.Bxf6 Bxf6 11.c4 b4 12.Nc2 a5 13.Qf3
Bg5 14.h4 Be7 15.Rd1 O-O 16.c5 Be6 17.Bc4 Bxd5 18.Bxd5 Qc7 19.cxd6
Bxd6 20.O-O Rac8 21.Bxc6 Qxc6 22.Ne3 Bc5 23.Nd5 Qe6 24.Rc1 1/2-1/2

[Event "Moscow Open 2009 C"]
[Site "?"]
[Date "2009.02.06"]
[Round "7.14"]
[White "Bezgodova, Svetlana"]
[Black "Shadrina, Tatiana"]
[Result "0-1"]
[WhiteElo "2214"]
[BlackElo "2416"]
[Annotator ""]
[Source ""]
[Remark ""]

1.Nf3 d5 2.g3 Nf6 3.Bg2 Bg4 4.O-O Nbd7 5.c4 e6 6.b3 Bd6 7.Bb2
c6 8.d3 O-O 9.Nbd2 e5 10.h3 Bh5 11.cxd5 cxd5 12.Nh4 Re8 13.Nf5
Bf8 14.Ne3 d4 15.Nec4 Rb8 16.a4 Bb4 17.Rc1 a6 18.Ne4 Nxe4 19.Bxe4
Nc5 20.Bg2 b5 21.axb5 axb5 22.Na3 Qd6 23.Nb1 f6 24.Ba3 Bxa3 25.Nxa3
e4 26.Qc2 Na6 27.Qb2 exd3 28.exd3 Nb4 29.Be4 f5 30.Bxf5 Re2 31.Nc2
Qf6 32.g4 Bg6 33.Rfe1 Nxd3 34.Rxe2 Nxb2 35.Be6+ Kh8 36.Nb4 d3 0-1

[Event "Moscow Open 2009 C"]
[Site "?"]
[Date "2009.02.06"]
[Round "7.15"]
[White "Vasilkova, Svetlana"]
[Black "Shumilina, Alexandra"]
[Result "1/2-1/2"]
[WhiteElo "2371"]
[BlackElo "2269"]
[Annotator ""]
[Source ""]
[Remark ""]

1.e4 c5 2.Nf3 d6 3.d4 cxd4 4.Nxd4 Nf6 5.Nc3 a6 6.Be2 e5 7.Nb3
Be7 8.Bg5 Nbd7 9.a4 b6 10.Bc4 Qc7 11.Qe2 Bb7 12.O-O O-O 13.Rfd1
Rfc8 14.Nd2 h6 15.Bxf6 Nxf6 16.Bb3 Bc6 17.Nf1 Rab8 18.Qc4 Bf8
19.Qd3 b5 20.axb5 axb5 21.Ne3 b4 22.Ncd5 Bxd5 23.Nxd5 Nxd5 24.Qxd5
Qb7 25.Qd3 Rc7 26.Ra4 Qb5 27.Qf3 Qb6 28.g3 Ra7 29.Rxa7 Qxa7 30.Rd3
d5 31.Rxd5 Qe7 32.Rd3 Rb6 33.Qd1 Rf6 34.Kg2 Qc5 35.Rf3 Rxf3 36.Qxf3
Qc7 37.Qf5 Bd6 38.h4 Qe7 39.Bd5 Bc5 40.c3 bxc3 41.bxc3 Bd6 42.Kf3
Qf6 43.Qxf6 gxf6 44.h5 Kf8 45.Ke2 Ke7 46.c4 Ke8 47.Kf3 Bc5 48.Kg2
Bd6 49.f3 Ke7 50.Kh3 Bc5 51.Kg4 Bf2 52.f4 Bc5 53.Kf5 Bd6 54.Bb7
Bb8 55.c5 Bc7 56.Bd5 Bb8 57.fxe5 Bxe5 58.g4 Bc7 59.Bc4 Bb8 60.Bb5
Bc7 61.Bd3 Bb8 62.e5 Bxe5 63.Ke4 Bg3 64.Kd5 Kd7 65.Bb5+ Kc7 66.Be8
Bf4 67.Bxf7 Bg5 68.Be8 Bf4 69.Ke4 Bg5 70.Kf5 Be3 71.c6 Bg5 72.Bd7
Kd6 73.Kg6 Kc7 74.Be8 Kd6 75.Kf7 Kc7 76.Ke6 Bh4 1/2-1/2

[Event "Moscow Open 2009 C"]
[Site "?"]
[Date "2009.02.06"]
[Round "7.16"]
[White "Pustovoitova, Daria"]
[Black "Ivkina, Olga"]
[Result "0-1"]
[WhiteElo "2314"]
[BlackElo "2268"]
[Annotator ""]
[Source ""]
[Remark ""]

1.e4 e6 2.d4 d5 3.e5 c5 4.c3 Nc6 5.Nf3 Qb6 6.a3 Bd7 7.b4 cxd4
8.cxd4 Rc8 9.Bb2 Na5 10.Nbd2 Nc4 11.Nxc4 dxc4 12.Rc1 Qa6 13.d5
exd5 14.Qxd5 Ne7 15.Qe4 b5 16.Nd4 Qg6 17.Qb7 Bc6 18.Qxa7 Bxg2
19.Rg1 Qe4+ 20.Be2 Nd5 21.Qb7 Bxb4+ 22.axb4 O-O 23.f3 Qh4+ 24.Kd1
c3 25.Nf5 Ne3+ 26.Nxe3 Rcd8+ 27.Kc2 Rd2+ 28.Kb3 Rxb2+ 29.Kxc3
Qxb4+ 0-1

[Event "Moscow Open 2009 C"]
[Site "?"]
[Date "2009.02.06"]
[Round "7.17"]
[White "Bulmaga, Irina"]
[Black "Krasenkova, Ilena"]
[Result "1/2-1/2"]
[WhiteElo "2300"]
[BlackElo "2170"]
[Annotator ""]
[Source ""]
[Remark ""]

1.e4 c6 2.d4 d5 3.e5 Bf5 4.Nf3 e6 5.Be2 c5 6.Be3 cxd4 7.Nxd4
Ne7 8.c4 Nbc6 9.Qa4 a6 10.Na3 Qa5+ 11.Qxa5 Nxa5 12.Rc1 Nxc4 13.Nxc4
dxc4 14.Bxc4 Be4 15.f3 Bd5 16.Kf2 Rc8 17.Bxd5 Rxc1 18.Rxc1 Nxd5
19.Nb3 Kd7 20.Nc5+ Bxc5 21.Rxc5 Rc8 22.Rxc8 Kxc8 23.Bc5 Kd7 24.Bf8
g6 25.g3 Kc6 26.Ke2 Nb6 27.f4 Kd5 28.Kd3 Nd7 29.Be7 Nb8 30.Bb4
Nc6 31.Bc3 b5 32.Bd2 h5 33.h4 Nd8 34.Bc3 Nb7 35.b4 Nd8 36.Bd2
Nc6 37.Bc3 Ne7 38.Bd4 Nf5 39.Bf2 Nh6 40.Bg1 Ng4 41.Bd4 Nh2 42.Bg1
Ng4 43.Bd4 Nh6 44.Be3 Nf5 45.Bf2 Ne7 46.Bd4 Nc6 47.Bc3 Nb8 48.Bb2
Nc6 49.Bc3 1/2-1/2

[Event "Moscow Open 2009 C"]
[Site "?"]
[Date "2009.02.06"]
[Round "7.18"]
[White "Derbentseva, Irina"]
[Black "Tomilova, Elena"]
[Result "1/2-1/2"]
[WhiteElo "2080"]
[BlackElo "2300"]
[Annotator ""]
[Source ""]
[Remark ""]

1.e4 c5 2.Nf3 d6 3.d4 cxd4 4.Nxd4 Nf6 5.Nc3 a6 6.Be3 e5 7.Nf3
Qc7 8.Be2 Be7 9.O-O O-O 10.a4 Nbd7 11.a5 Nc5 12.Nd2 Be6 13.Bf3
Rad8 14.Qe2 d5 15.exd5 Bxd5 16.Bxc5 Bxc5 17.Nde4 Bxe4 18.Nxe4
Nxe4 19.Qxe4 Rd2 20.Qxb7 Qd6 21.Rad1 Bxf2+ 22.Kh1 Rxd1 23.Rxd1
Qh6 24.Qc6 g6 25.Qf6 Bg3 26.h3 Qf4 27.Qxf4 Bxf4 28.Bb7 Rb8 29.Rd7
Kf8 30.c4 Ke8 31.Bc6 Kf8 32.Bb7 Ke8 33.Bc6 Kf8 34.Bb7 Ke8 35.Bc6 1/2-1/2

[Event "Moscow Open 2009 C"]
[Site "?"]
[Date "2009.02.06"]
[Round "7.19"]
[White "Manakova., Maria"]
[Black "Lelekova, Olga"]
[Result "1-0"]
[WhiteElo "2299"]
[BlackElo "2222"]
[Annotator ""]
[Source ""]
[Remark ""]

1.d4 Nf6 2.c4 g6 3.Nc3 Bg7 4.e4 d6 5.f3 Nbd7 6.Be3 O-O 7.Qd2
c6 8.O-O-O e5 9.d5 cxd5 10.Nxd5 Ne8 11.h4 Nb6 12.h5 Be6 13.Kb1
Rc8 14.hxg6 fxg6 15.Nxb6 axb6 16.Nh3 Bf6 17.Nf2 Rf7 18.Ng4 Bg7
19.Bg5 Qd7 20.Ne3 Bf8 21.Be2 Nc7 22.g3 b5 23.Nd5 Bxd5 24.cxd5
Na6 25.Bf1 Ra8 26.Bh3 Qe8 27.Be6 Nc5 28.Bxf7+ Qxf7 29.Qe2 b4
30.Be3 b6 31.b3 Qa7 32.Qb2 Qa5 33.Rh4 Qb5 34.Qc2 Ra7 35.Rdh1
Rc7 36.R4h2 Qa6 37.Qe2 Qa3 38.Bc1 Qa8 39.Qb5 Qa5 40.Qxa5 bxa5
41.Be3 Rf7 42.Rd1 Nd7 43.Rf2 h5 44.Kc2 Be7 45.Kd3 Kg7 46.Ke2
g5 47.Rh1 Kg6 48.Rfh2 Rh7 49.f4 exf4 50.gxf4 gxf4 51.Rg2+ Kf7
52.Bxf4 Nf6 53.Kf3 Ke8 54.Rc2 Kd7 55.Rc6 h4 56.Ra6 Nh5 57.Ra7+
Ke8 58.Bg5 Rf7+ 59.Kg4 Nf6+ 60.Bxf6 Rxf6 61.Rxa5 Rg6+ 62.Kf4
Rg2 63.Rb5 Kf7 64.Rxb4 Kg6 65.Ra4 Rg3 66.e5 Bg5+ 67.Ke4 Re3+
68.Kd4 Rxe5 69.Ra6 Bf6 70.Rxd6 Rh5+ 71.Ke4 h3 72.Rf1 Re5+ 73.Kd3
Rf5 74.Rh1 Rh5 75.Rg1+ Rg5 76.Rf1 Rf5 77.Rh1 Rh5 78.Ke4 h2 79.Kf3
Kf5 80.Re6 Be5 81.b4 Rh3+ 82.Kg2 Ra3 83.Rf1+ Bf4 84.Re2 Kg4 85.Re4
Rg3+ 86.Kh1 Rf3 87.Rxf3 Kxf3 88.Rxf4+ 1-0

[Event "Moscow Open 2009 C"]
[Site "?"]
[Date "2009.02.06"]
[Round "7.20"]
[White "Koroteeva, Ksenia"]
[Black "Savina, Anastasia"]
[Result "0-1"]
[WhiteElo "1951"]
[BlackElo "2297"]
[Annotator ""]
[Source ""]
[Remark ""]

1.e4 c5 2.Nf3 e6 3.d4 cxd4 4.Nxd4 a6 5.Nc3 b5 6.Be3 Bb7 7.Bd3
d6 8.O-O Nf6 9.f4 Nbd7 10.a3 Be7 11.Nf3 Ng4 12.Bf2 Nxf2 13.Rxf2
Qb6 14.Qe2 Nf6 15.Kh1 Ng4 16.Rff1 Rc8 17.Nd1 h5 18.Nf2 Qe3 19.Qd2
Qxd2 20.Nxd2 Ne3 21.Rfc1 g5 22.Nh3 gxf4 23.Nxf4 Bg5 24.g3 h4
25.Kg1 hxg3 26.hxg3 e5 27.Nf3 Bd8 28.Ng2 Bb6 29.Rab1 f5 30.Ng5
Nxc2+ 31.Kf1 Rh1+ 32.Ke2 Nd4+ 0-1

[Event "Moscow Open 2009 C"]
[Site "?"]
[Date "2009.02.06"]
[Round "7.21"]
[White "Strutinskaya, Galina N"]
[Black "Kurmaeva, Nailia"]
[Result "1-0"]
[WhiteElo "2291"]
[BlackElo "1400"]
[Annotator ""]
[Source ""]
[Remark ""]

1.d4 Nf6 2.c4 e6 3.Nc3 Bb4 4.f3 b6 5.e4 Ba6 6.Bd3 Nc6 7.Qa4 Bxc3+
8.bxc3 Na5 9.Ba3 Nh5 10.Ne2 Qg5 11.Kf2 Nf4 12.Nxf4 Qxf4 13.Rad1
h5 14.h4 e5 15.c5 Bxd3 16.Rxd3 c6 17.g3 Qf6 18.Rhd1 Rd8 19.cxb6
axb6 20.dxe5 Qxe5 21.Bd6 Qe6 22.Qd4 Nc4 23.Qxg7 Qh6 24.Qd4 Nxd6
25.Qe5+ Kf8 26.Rxd6 Qg7 27.Rf6 d5 28.exd5 Rh6 29.Rf5 Qxe5 30.Rxe5
cxd5 31.Rdxd5 Ra8 32.Rxh5 Rxa2+ 33.Ke3 Rc6 34.Rd3 Re6+ 35.Kf4
Ra4+ 36.Rd4 Ra3 37.Rc4 Rb3 38.Rc7 Rg6 39.Rf5 Rg7 40.h5 Ra3 41.Rd5
Ra4+ 42.c4 Kg8 43.Rd8+ Kh7 44.Rcc8 1-0

[Event "Moscow Open 2009 C"]
[Site "?"]
[Date "2009.02.06"]
[Round "7.22"]
[White "Solovjova, Valentina"]
[Black "Yakovich, Yuliya"]
[Result "0-1"]
[WhiteElo "2324"]
[BlackElo "2125"]
[Annotator ""]
[Source ""]
[Remark ""]

1.e4 e5 2.Nf3 Nc6 3.Nc3 Nf6 4.g3 d5 5.exd5 Nxd5 6.Bg2 Nxc3 7.bxc3
Bd6 8.O-O O-O 9.Rb1 Rb8 10.d4 Bf5 11.Nh4 Bd7 12.Be3 b6 13.Qd3
Ne7 14.Nf3 Bf5 15.Qd2 exd4 16.cxd4 Qc8 17.Rfe1 Re8 18.Nh4 Be6
19.c3 Qa6 20.d5 Bd7 21.Bd4 Ng6 22.Nxg6 hxg6 23.h4 Bf5 24.Rxe8+
Rxe8 25.Re1 Rxe1+ 26.Qxe1 Bd7 27.Qd2 Qa4 28.h5 gxh5 29.Qg5 Qd1+
30.Kh2 Qg4 31.Qd8+ Kh7 32.Bf1 Bf5 33.f4 Be4 34.Qg5 Qxg5 35.fxg5
Bxd5 36.Bd3+ g6 37.c4 Be6 38.Kg2 Bf5 39.Be2 Bb1 40.a4 Bc2 41.a5
bxa5 42.Bxa7 Be5 43.Bc5 Bb2 44.Be7 a4 45.c5 Bb3 46.c6 a3 0-1

[Event "Moscow Open 2009 C"]
[Site "?"]
[Date "2009.02.06"]
[Round "7.23"]
[White "Charochkina, Daria"]
[Black "Karpova, Lyudmila"]
[Result "1-0"]
[WhiteElo "2316"]
[BlackElo "2131"]
[Annotator ""]
[Source ""]
[Remark ""]

1.d4 d5 2.c4 e6 3.Nc3 Nf6 4.Nf3 c6 5.Bg5 Be7 6.e3 Nbd7 7.Qc2
O-O 8.O-O-O dxc4 9.Bxc4 Nd5 10.h4 Nxc3 11.Qxc3 Nb6 12.Bb3 Nd5
13.Qd3 Nb4 14.Qe4 a5 15.Kb1 a4 16.Bc2 f5 17.Qe5 Bxg5 18.hxg5
g6 19.Rxh7 Kxh7 20.Rh1+ Kg8 21.Qh8+ Kf7 22.Qh7+ Ke8 23.Qxg6+
Kd7 24.Rh7+ Kd6 25.Qg7 Ra5 26.Ne5 1-0

[Event "Moscow Open 2009 C"]
[Site "?"]
[Date "2009.02.06"]
[Round "7.24"]
[White "Fominykh, Maria"]
[Black "Rassokhina, Ekaterina"]
[Result "1/2-1/2"]
[WhiteElo "2279"]
[BlackElo "2106"]
[Annotator ""]
[Source ""]
[Remark ""]

1.d4 d5 2.c4 e6 3.Nc3 Nf6 4.cxd5 exd5 5.Bg5 Be7 6.e3 O-O 7.Qc2
c6 8.Bd3 Nbd7 9.h3 Re8 10.Nge2 Ne4 11.Bf4 Ndf6 12.g4 g6 13.f3
Nxc3 14.bxc3 c5 15.dxc5 Bxc5 16.Nd4 Bd7 17.Kf2 Rc8 18.Qb3 Qa5
19.Rac1 Ba4 20.Qxb7 Ba3 21.Rb1 Rxc3 22.Qa6 Qxa6 23.Bxa6 Nd7 24.Nb5
Rc2+ 25.Kg3 Bc5 26.Nc7 Rxe3 27.Bxe3 Bxe3 28.Nxd5 Bf2+ 29.Kf4
Rc5 30.Rhd1 Bxd1 31.Rxd1 Kg7 32.Ke4 1/2-1/2

[Event "Moscow Open 2009 C"]
[Site "?"]
[Date "2009.02.06"]
[Round "7.25"]
[White "Kharmunova, Nadejda"]
[Black "Borisova, Elizaveta"]
[Result "0-1"]
[WhiteElo "2140"]
[BlackElo "2270"]
[Annotator ""]
[Source ""]
[Remark ""]

1.f4 c5 2.Nf3 Nc6 3.g3 g6 4.Bg2 Bg7 5.e4 d6 6.O-O Nf6 7.d3 Rb8
8.c3 O-O 9.h3 b5 10.Be3 b4 11.Nbd2 bxc3 12.bxc3 Ba6 13.Qc2 Qa5
14.Nb3 Qa3 15.Nfd2 Rfc8 16.e5 Nd7 17.Nb1 Qa4 18.c4 Nb4 19.Qe2
Bb7 20.Nc3 Qa6 21.a3 Bxg2 22.axb4 Bxf1 23.Qxf1 Qb7 24.Na5 Qc7
25.bxc5 dxc5 26.Nb5 Qb6 27.d4 a6 28.dxc5 Nxc5 29.Nc3 Qd8 30.Qd1
Qxd1+ 31.Rxd1 Bf8 32.Nd5 Rb2 33.g4 Ra2 34.Nb6 Rb8 35.Bxc5 Rxa5
36.Bf2 Ra2 37.c5 Rc2 38.Ra1 e6 39.Nd7 Rbb2 40.Nf6+ Kg7 41.Ne4
Rxf2 0-1

[Event "Moscow Open 2009 C"]
[Site "?"]
[Date "2009.02.06"]
[Round "7.26"]
[White "Bogumil, Tatiana"]
[Black "Eryshkanova, Anastasiya"]
[Result "1/2-1/2"]
[WhiteElo "2218"]
[BlackElo "2055"]
[Annotator ""]
[Source ""]
[Remark ""]

1.Nf3 Nf6 2.c4 g6 3.b3 Bg7 4.Bb2 d6 5.d4 O-O 6.g3 c5 7.Bg2 Nc6
8.d5 Na5 9.O-O a6 10.Nbd2 b5 11.Re1 Rb8 12.Rc1 Bd7 13.Bc3 bxc4
14.bxc4 Qc7 15.e4 Ng4 16.Bxg7 Kxg7 17.Qc2 Rb4 1/2-1/2

[Event "Moscow Open 2009 C"]
[Site "?"]
[Date "2009.02.06"]
[Round "7.27"]
[White "Larina, Marija"]
[Black "Butuc, Maria"]
[Result "0-1"]
[WhiteElo "2109"]
[BlackElo "2182"]
[Annotator ""]
[Source ""]
[Remark ""]

1.e4 c6 2.Nc3 d5 3.Nf3 Bg4 4.h3 Bxf3 5.Qxf3 e6 6.d4 Bb4 7.e5
Nd7 8.Qg3 Bf8 9.Be3 Ne7 10.Bd3 a6 11.Ne2 Qc7 12.f4 f5 13.exf6
Nxf6 14.Qf2 O-O-O 15.O-O-O Nf5 16.g4 Nd6 17.Rhe1 Nfe4 18.Qg2
Be7 19.Ng3 Bh4 20.Bf2 Nxf2 21.Qxf2 Qf7 22.Qe3 Rde8 23.Rf1 Bf6
24.Ne2 h5 25.Ng1 hxg4 26.hxg4 Rh4 27.Nf3 Rxg4 28.Ne5 Bxe5 29.fxe5
Nf5 30.Bxf5 exf5 31.Qf3 Rg5 32.Qf4 Rh5 33.Rf3 Qe7 34.Rg1 Rf8
35.c3 g5 36.Qg3 Qe6 37.Qf2 f4 38.Rfg3 Qf5 39.Rg4 Rfh8 40.Qc2
Qxg4 41.Rxg4 Rh1+ 42.Kd2 R8h2+ 43.Kd3 Rh3+ 44.Kd2 R1h2+ 45.Kd1
Rxc2 46.Kxc2 Rg3 0-1

[Event "Moscow Open 2009 C"]
[Site "?"]
[Date "2009.02.06"]
[Round "7.28"]
[White "Sukhareva, Evgeniya"]
[Black "Fastova, Tatiana"]
[Result "1-0"]
[WhiteElo "2178"]
[BlackElo "2005"]
[Annotator ""]
[Source ""]
[Remark ""]

1.Nf3 d5 2.g3 c6 3.d4 Nf6 4.Bg2 Bf5 5.O-O e6 6.b3 Be7 7.c4 O-O
8.Bb2 Nbd7 9.e3 b5 10.c5 Qc7 11.Qe2 h6 12.Nbd2 Rfe8 13.b4 a5
14.a3 Ra7 15.Nb3 axb4 16.axb4 Rea8 17.Na5 Ne4 18.Ra3 Nb8 19.Ne5
f6 20.Nd3 Qd7 21.f3 Ng5 22.h4 Nf7 23.e4 Bh7 24.Re1 Bd8 25.Bh3
dxe4 26.fxe4 Bxa5 27.bxa5 Qe7 28.Bc3 e5 29.Qa2 Nd7 30.Be6 exd4
31.Bxd4 Re8 32.Bb3 Kf8 33.Nf4 Nd8 34.Bg8 g5 35.Bxh7 Qxh7 36.Nh5
Qg6 37.Nxf6 Nxf6 38.Bxf6 Rf7 39.hxg5 hxg5 40.Rf3 Ne6 41.Ref1
Kg8 42.a6 Ra7 43.Rf5 Kh7 44.Kg2 1-0

[Event "Moscow Open 2009 C"]
[Site "?"]
[Date "2009.02.06"]
[Round "7.29"]
[White "Bezgodova, Maria"]
[Black "Drozdova, Dina"]
[Result "0-1"]
[WhiteElo "2101"]
[BlackElo "2175"]
[Annotator ""]
[Source ""]
[Remark ""]

1.e4 d6 2.d4 Nf6 3.Nc3 e5 4.dxe5 dxe5 5.Qxd8+ Kxd8 6.Bg5 Be6
7.g3 Kc8 8.f4 Bb4 9.Bxf6 Bxc3+ 10.bxc3 gxf6 11.f5 Bd7 12.Nh3
Kd8 13.Bc4 Ke7 14.O-O-O a5 15.a3 Na6 16.Nf2 Nc5 17.g4 Rag8 18.h4
h5 19.g5 fxg5 20.Rd5 b6 21.hxg5 Rxg5 22.Rxe5+ Kf6 23.Rd5 Bc6
24.Rd4 Rg2 25.Rf1 Re8 26.Bd3 Rh2 27.Kd1 Nd7 28.Be2 Rg8 29.Nd3
Ne5 30.Nf4 Ng4 31.Ke1 Ne3 32.Nxh5+ Ke5 33.Nf4 Nxc2+ 34.Kd2 Nxd4
35.Nd3+ Kd6 36.e5+ Ke7 37.cxd4 Bb5 38.Rf3 Rg4 39.f6+ Kf8 40.Ke3
Bc6 41.Rf1 Re4+ 42.Kf3 Rexe2+ 43.Kg3 Rhg2+ 44.Kf4 Re4+ 45.Kf5
Rgg4 46.Nf4 Rgxf4+ 47.Rxf4 Rxf4+ 48.Kxf4 Bd5 49.Ke3 Ke8 0-1

[Event "Moscow Open 2009 C"]
[Site "?"]
[Date "2009.02.06"]
[Round "7.30"]
[White "Kineva, Ekaterina"]
[Black "Abylkassymova, Raushan"]
[Result "1/2-1/2"]
[WhiteElo "2168"]
[BlackElo "1892"]
[Annotator ""]
[Source ""]
[Remark ""]

1.e4 c5 2.Nf3 Nc6 3.d4 cxd4 4.Nxd4 Nf6 5.Nc3 d6 6.Be2 e5 7.Nb3
Be7 8.O-O O-O 9.Kh1 Be6 10.f4 exf4 11.Bxf4 d5 12.e5 Ne4 13.Bd3
f5 14.exf6 Nxf6 15.Qe1 Bf7 16.Nb5 Nh5 17.Bc7 Qe8 18.Qd2 Nb4 19.Be2
Nf6 20.c3 Nc6 21.N3d4 Ne4 22.Qd1 a6 23.Na3 Bf6 24.Nf5 Qd7 25.Bb6
Be6 26.Nd4 Bxd4 27.Bxd4 Rxf1+ 28.Bxf1 Bg4 29.Qd3 Nxd4 30.Qxd4
Rf8 31.c4 Qf7 32.Kg1 Be6 33.Be2 Qg6 34.Bd3 Rf4 35.cxd5 Rg4 36.dxe6
Rxg2+ 37.Kh1 Rxh2+ 38.Kxh2 Qg3+ 39.Kh1 Qh4+ 40.Kg2 1/2-1/2

[Event "Moscow Open 2009 C"]
[Site "?"]
[Date "2009.02.06"]
[Round "7.31"]
[White "Semenova, Elena"]
[Black "Airapetian, Tatevik"]
[Result "1-0"]
[WhiteElo "2086"]
[BlackElo "2145"]
[Annotator ""]
[Source ""]
[Remark ""]

1.e4 c5 2.Nf3 d6 3.d4 cxd4 4.Nxd4 Nf6 5.Nc3 a6 6.f4 e6 7.Qf3
Qb6 8.Nb3 Qc7 9.Be3 b5 10.a3 Bb7 11.Bd3 Nbd7 12.g4 d5 13.g5 dxe4
14.Nxe4 Nd5 15.Bd2 b4 16.a4 Be7 17.Rf1 g6 18.a5 h6 19.h4 Bf8
20.O-O-O hxg5 21.hxg5 Bg7 22.Qe2 Qc6 23.Kb1 O-O-O 24.c4 bxc3
25.Nxc3 Nxc3+ 26.Bxc3 Bxc3 27.Rc1 Kb8 28.Rxc3 Qd6 29.Be4 Bxe4+
30.Qxe4 Rc8 31.Rd3 Qe7 32.Rfd1 Rc7 33.Rxd7 Rxd7 34.Rxd7 Qxd7
35.Qe5+ Ka7 36.Qxh8 1-0

[Event "Moscow Open 2009 C"]
[Site "?"]
[Date "2009.02.06"]
[Round "7.33"]
[White "Severiukhina, Zoja"]
[Black "Maslova, Elena"]
[Result "1-0"]
[WhiteElo "2327"]
[BlackElo "2068"]
[Annotator ""]
[Source ""]
[Remark ""]

1.e4 e5 2.Nf3 d5 3.d4 dxe4 4.Nxe5 Bd6 5.Bf4 Nd7 6.Bb5 a6 7.Ba4
Qe7 8.O-O b5 9.Bb3 Nxe5 10.dxe5 Bxe5 11.Qd5 Bxf4 12.Qxa8 Kd8
13.Nc3 Nf6 14.Rfe1 Qe5 15.g3 Qh5 16.Nxe4 Ng4 17.Rad1+ Ke7 18.h4
Ne5 19.Ng5 Bxg5 20.Rxe5+ Be6 21.Qd5 h6 22.Rxe6+ fxe6 23.Qxe6+
Kf8 24.Qc8+ Ke7 25.Rd7+ Kf6 26.Qxh8 1-0

[Event "Moscow Open 2009 C"]
[Site "?"]
[Date "2009.02.06"]
[Round "7.34"]
[White "Goryachkina, Aleksandra"]
[Black "Aketaeva, Dana"]
[Result "1-0"]
[WhiteElo "2020"]
[BlackElo "2283"]
[Annotator ""]
[Source ""]
[Remark ""]

1.e4 d6 2.Nc3 Nf6 3.Nf3 g6 4.g3 Bg7 5.Bg2 c5 6.O-O O-O 7.d3 Nc6
8.h3 Rb8 9.Be3 b5 10.Qd2 b4 11.Ne2 a5 12.Bh6 a4 13.Bxg7 Kxg7
14.Nh2 Qb6 15.Kh1 b3 16.axb3 axb3 17.c3 Bd7 18.f4 Ra8 19.g4 Ra2
20.g5 Ng8 21.f5 Qa6 22.Rad1 Ne5 23.Ng4 Nxd3 24.Qxd3 Bb5 25.c4
Bxc4 26.Qc3+ f6 27.Nf4 Bxf1 28.Bxf1 Qb7 29.Ne6+ Kf7 30.Nxf8 gxf5
31.Nf2 Kxf8 32.Bg2 Qb4 33.Qxb4 cxb4 34.Nd3 fxe4 35.Bxe4 fxg5
36.Bd5 Nf6 37.Bxb3 Ra8 38.Be6 Rb8 39.Kg2 h5 40.Rf1 Kg7 41.Rf5
Kg6 42.Ra5 Rb6 43.Ra7 Ne4 44.Rxe7 Kf6 45.Re8 Nd2 46.Bd5 g4 47.h4
Rb5 48.Re6+ Kf5 49.Rxd6 Ne4 50.Be6+ Kf6 51.Ra6 Kg7 52.Ra4 Rb6
53.Bd5 Nf6 54.Bc4 Rd6 55.Rxb4 Ne4 56.Rb7+ Kh6 57.b3 Nd2 58.Nf2
Nf3 59.Kg3 Ne5 60.Re7 Nxc4 61.bxc4 Rd4 62.Re4 Rd2 63.c5 Rc2 64.Re5
Rc3+ 65.Kg2 Kg6 66.Rg5+ Kh6 67.Ne4 Rc2+ 68.Kg3 Rc1 69.Nd6 Rc3+
70.Kf4 1-0

[Event "Moscow Open 2009 C"]
[Site "?"]
[Date "2009.02.06"]
[Round "7.35"]
[White "Grigoryeva, Olga A"]
[Black "Matveeva, Olga"]
[Result "1/2-1/2"]
[WhiteElo "2015"]
[BlackElo "2219"]
[Annotator ""]
[Source ""]
[Remark ""]

1.d4 Nf6 2.c4 c5 3.d5 b5 4.cxb5 a6 5.f3 axb5 6.e4 Qa5+ 7.Bd2
b4 8.Na3 d6 9.Nc4 Qd8 10.a3 bxa3 11.Rxa3 Rxa3 12.bxa3 e6 13.Ba5
Qe7 14.Nb6 Bd7 15.Na8 Nxd5 16.exd5 exd5+ 17.Qe2 Qxe2+ 18.Bxe2
Bc6 19.Nc7+ Kd7 20.Nh3 Be7 21.Nb5 Bf6 22.Kd2 c4 23.a4 Na6 24.Bc3
Bxc3+ 25.Kxc3 Nc5 26.Nd4 Nxa4+ 27.Kc2 Re8 28.Ra1 Kc7 29.Nf4 Ra8
30.Bd1 Kb6 31.Kc1 Bd7 32.Bxa4 Bxa4 33.Kd2 Kc5 34.Kc3 Ra7 35.Nfe2
Ra8 36.f4 Ra6 37.f5 Bb5 38.Rxa6 Bxa6 39.Nf4 Bc8 40.g4 Bd7 41.h4
Be8 42.g5 Ba4 43.h5 Be8 44.g6 fxg6 45.fxg6 hxg6 46.hxg6 Bxg6
47.Nxg6 1/2-1/2

[Event "Moscow Open 2009 C"]
[Site "?"]
[Date "2009.02.06"]
[Round "7.36"]
[White "Fakhretdinova, Margarita"]
[Black "Dogodkina, Julia"]
[Result "1-0"]
[WhiteElo "2167"]
[BlackElo "2003"]
[Annotator ""]
[Source ""]
[Remark ""]

1.e4 c5 2.b3 Nc6 3.Bb2 e6 4.Nf3 d6 5.Be2 Nf6 6.Nc3 Be7 7.O-O
a6 8.d4 cxd4 9.Nxd4 e5 10.Nf3 Be6 11.Re1 O-O 12.a4 Rc8 13.Ng5
Nd4 14.Nxe6 fxe6 15.Bd3 Qe8 16.Ne2 Nxe2+ 17.Qxe2 Qg6 18.Bc4 d5
19.exd5 exd5 20.Qxe5 dxc4 21.Qxe7 Rf7 22.Qe6 Rc6 23.Qe5 Qxc2
24.Rad1 Nd7 25.Qd4 Nf8 26.Re8 Rcf6 27.f3 Qxb3 28.Qd5 Qxa4 29.Rxf8+
Kxf8 30.Qd8+ Qe8 31.Ba3+ 1-0

[Event "Moscow Open 2009 C"]
[Site "?"]
[Date "2009.02.06"]
[Round "7.37"]
[White "Baraeva, Marina"]
[Black "Kostrikina, Anna"]
[Result "0-1"]
[WhiteElo "2009"]
[BlackElo "2157"]
[Annotator ""]
[Source ""]
[Remark ""]

1.d4 Nf6 2.c4 e6 3.Nc3 d5 4.cxd5 exd5 5.Bg5 c6 6.Qc2 Be7 7.e3
Nbd7 8.Bd3 O-O 9.Nf3 Re8 10.O-O Nf8 11.h3 Nh5 12.Bxe7 Qxe7 13.Rab1
g6 14.b4 a6 15.Na4 Nd7 16.Rfe1 Nhf6 17.Nd2 Qd6 18.Nc5 Kg7 19.Ndb3
b6 20.Nxd7 Bxd7 21.a3 Ne4 22.Rec1 Ng5 23.Qe2 Qf6 24.Kh2 Qd6+
25.Kg1 Qf6 26.Kh2 Ne6 27.Qf1 h5 28.Rc2 Kg8 29.Ra1 Ra7 30.a4 Nc7
31.Qe1 Qd6+ 32.Kg1 Ne6 33.Qc3 Nd8 34.Nd2 Qf6 35.Re1 Re7 36.e4
Ne6 37.e5 Qg7 38.Re3 Nf4 39.Bf1 Ne6 40.g3 c5 41.bxc5 bxc5 42.Nf3
cxd4 43.Nxd4 Bxa4 44.Ra2 Rac7 45.Qb4 Bb5 46.Bxb5 axb5 47.Nxb5
Rb7 48.Qa5 Kh7 49.Kh2 Ng5 50.f4 Ne4 51.Nd4 h4 52.g4 Ng3 53.Kg2
g5 54.Rxg3 hxg3 55.Nf5 Qg6 56.Nxe7 Qe4+ 57.Kxg3 Rb3+ 58.Kf2 Qe3+
59.Kg2 Qf3+ 0-1

[Event "Moscow Open 2009 C"]
[Site "?"]
[Date "2009.02.06"]
[Round "7.38"]
[White "Suslova, Alena"]
[Black "Frolova, Ekaterina"]
[Result "1-0"]
[WhiteElo "2147"]
[BlackElo "1948"]
[Annotator ""]
[Source ""]
[Remark ""]

1.c4 c6 2.e4 d5 3.exd5 cxd5 4.d4 Nf6 5.Nc3 e6 6.Nf3 Bb4 7.a3
Bxc3+ 8.bxc3 O-O 9.Be2 dxc4 10.Bxc4 Qc7 11.Qd3 Nbd7 12.O-O b6
13.Re1 Bb7 14.Ba2 Rfe8 15.Bg5 Rac8 16.c4 h6 17.Bh4 Nh5 18.Rac1
e5 19.d5 Nf4 20.Qd2 e4 21.Bg3 exf3 22.Bxf4 Qc5 23.Qd3 fxg2 24.Red1
Ne5 25.Qg3 Ng6 26.Bd6 Qa5 27.Bb4 Qa4 28.Rd4 Qd7 29.Bb1 Ne5 30.f4
Ng4 31.f5 Nf6 32.Bd2 Kh7 33.Rh4 b5 34.Bxh6 gxh6 35.Qg5 Ng8 36.f6+
Kh8 37.Qg7# 1-0

[Event "Moscow Open 2009 C"]
[Site "?"]
[Date "2009.02.06"]
[Round "7.39"]
[White "Baraeva, Irina"]
[Black "Kushka, Alena"]
[Result "1-0"]
[WhiteElo "1997"]
[BlackElo "2124"]
[Annotator ""]
[Source ""]
[Remark ""]

1.Nf3 c5 2.c4 Nf6 3.d4 e6 4.Nc3 cxd4 5.Nxd4 Bb4 6.Qb3 Bc5 7.e3
O-O 8.Be2 Nc6 9.Nf3 b6 10.O-O Bb7 11.Rd1 Qe7 12.a3 Bd6 13.Qc2
Ne5 14.Nxe5 Bxe5 15.Bd3 d5 16.cxd5 exd5 17.Ne2 Rac8 18.Qa4 d4
19.Ng3 Ng4 20.Bf5 Qh4 21.Bxg4 Qxg4 22.exd4 Bxg3 23.hxg3 Rfe8
24.Bf4 g5 25.f3 Qf5 26.Be5 f6 27.Qxa7 Re7 28.Bd6 Rc2 29.Qb8+
Kf7 30.Rf1 Rc8 31.Qa7 Rd7 32.Qxb6 Qd5 33.Bc5 g4 34.Rae1 Rc6 35.Qb4
gxf3 36.Rxf3 Re6 37.Rxe6 Qxe6 38.Rf2 Bd5 39.Qd2 Bc4 40.Kh2 Rd5
41.Qh6 Rg5 42.Qxh7+ Rg7 43.Qh5+ Kg8 44.Qd1 Qe3 45.Kg1 Bd5 46.Bd6
Rh7 47.Bf4 Qe6 48.Qe2 Qd7 49.Qd3 Qf7 50.Rc2 Qb7 51.Qg6+ Kh8 52.Qxf6+
Kg8 53.Qd8+ 1-0

[Event "Moscow Open 2009 C"]
[Site "?"]
[Date "2009.02.06"]
[Round "7.40"]
[White "Pischurina, Ekaterina"]
[Black "Rjanova, Valery"]
[Result "0-1"]
[WhiteElo "1991"]
[BlackElo "2113"]
[Annotator ""]
[Source ""]
[Remark ""]

1.e4 c5 2.Nf3 d6 3.d4 cxd4 4.Nxd4 Nf6 5.Nc3 g6 6.Be3 Bg7 7.f3
O-O 8.Qd2 Nc6 9.O-O-O d5 10.Kb1 Nxd4 11.e5 Nxf3 12.gxf3 Nh5 13.Nxd5
Be6 14.Nf4 Nxf4 15.Bxf4 Qc7 16.Qe3 Rfc8 17.Bd3 Qa5 18.b3 Qc7
19.h4 a5 20.h5 a4 21.hxg6 fxg6 22.Be4 axb3 23.cxb3 Qa5 24.Qd2
Rc3 25.Qb2 Rc7 26.Rh2 Rf8 27.Bd2 Qxe5 28.Qxe5 Bxe5 29.Re2 Bf5
30.Bh6 Bg7 31.Bf4 e5 32.Bh2 Bxe4+ 33.fxe4 Rf3 34.Rd5 Bh6 35.Re1
Bf4 36.Bxf4 exf4 37.e5 Kf7 38.e6+ Ke7 39.b4 Rfc3 40.Rd2 Re3 41.Rf1
g5 42.Rh1 Kxe6 43.Rh6+ Kf5 44.Rh5 Rg7 45.Rdh2 f3 0-1

[Event "Moscow Open 2009 C"]
[Site "?"]
[Date "2009.02.06"]
[Round "7.41"]
[White "Severina, Maria"]
[Black "Uljianova, Nadezhda"]
[Result "1/2-1/2"]
[WhiteElo "1940"]
[BlackElo "2106"]
[Annotator ""]
[Source ""]
[Remark ""]

1.Nf3 d5 2.d4 c6 3.c4 e6 4.Qc2 f5 5.Bf4 Bd6 6.Bxd6 Qxd6 7.c5
Qe7 8.g3 Nf6 9.Bg2 O-O 10.O-O Nbd7 11.Nc3 e5 12.e3 e4 13.Nd2
g5 14.Rfe1 f4 15.exf4 gxf4 16.f3 fxg3 17.hxg3 Qg7 18.fxe4 Qxg3
19.Nf1 Qh4 20.Rad1 dxe4 21.Nxe4 Ng4 22.Re2 Ndf6 23.Nxf6+ Qxf6
24.d5 cxd5 25.Bxd5+ Kh8 26.Rg2 Ne5 27.Qc3 1/2-1/2